<?xml version="1.0" encoding="UTF-8"?>
<record
    xmlns:xsi="http://www.w3.org/2001/XMLSchema-instance"
    xsi:schemaLocation="http://www.loc.gov/MARC21/slim http://www.loc.gov/standards/marcxml/schema/MARC21slim.xsd"
    xmlns="http://www.loc.gov/MARC21/slim">

  <leader>02441nam a22002535i 4500</leader>
  <controlfield tag="001">24010696</controlfield>
  <controlfield tag="005">20250331130807.0</controlfield>
  <controlfield tag="008">250129s2025    nyu           000 0 eng  </controlfield>
  <datafield tag="010" ind1=" " ind2=" ">
    <subfield code="a">  2025931359</subfield>
  </datafield>
  <datafield tag="020" ind1=" " ind2=" ">
    <subfield code="a">9781398618619</subfield>
    <subfield code="q">(paperback)</subfield>
  </datafield>
  <datafield tag="040" ind1=" " ind2=" ">
    <subfield code="a">DLC</subfield>
    <subfield code="b">eng</subfield>
    <subfield code="e">rda</subfield>
    <subfield code="c">DLC</subfield>
  </datafield>
  <datafield tag="042" ind1=" " ind2=" ">
    <subfield code="a">pcc</subfield>
  </datafield>
  <datafield tag="100" ind1=" " ind2=" ">
    <subfield code="a">Pelet, Jean-Eric,</subfield>
    <subfield code="e">author.</subfield>
    <subfield code="9">25090</subfield>
  </datafield>
  <datafield tag="245" ind1="1" ind2="0">
    <subfield code="a">Consumer behaviour </subfield>
    <subfield code="b">: understanding consumers in a digital landscape </subfield>
    <subfield code="c">/ Jean-Eric Pelet.</subfield>
  </datafield>
  <datafield tag="250" ind1=" " ind2=" ">
    <subfield code="a">First editon</subfield>
  </datafield>
  <datafield tag="264" ind1=" " ind2="1">
    <subfield code="a">New York :</subfield>
    <subfield code="b">Kogan Page,</subfield>
    <subfield code="c">2025.</subfield>
  </datafield>
  <datafield tag="300" ind1=" " ind2=" ">
    <subfield code="a">xv, 325 pages, illustrations</subfield>
  </datafield>
  <datafield tag="504" ind1=" " ind2=" ">
    <subfield code="a">Understanding consumer behaviour in the digital age &#x2014;
The new era of consumer needs and motivations &#x2014;
Psychological and social dynamics in consumer behaviour &#x2014;
The science of digital learning and memory &#x2014;
Building brand loyalty in the digital age &#x2014;
The consumer decision making process &#x2014;
Advancing consumer experiences in the digital world &#x2014;
The power of online communities and social influence &#x2014;
Ethical considerations in the consumer landscape &#x2014;
The future of consumer behaviour in the digital era.</subfield>
  </datafield>
  <datafield tag="520" ind1=" " ind2=" ">
    <subfield code="a">With this textbook, students will learn the concepts, theories and processes of consumer behaviour and how to apply them in a digitalized and competitive business landscape. Consumer Behaviour combines theoretical underpinnings with real-world practice to provide comprehensive, up-to-date coverage of the subject. It explores how consumer behaviour has evolved with the impact of technology, personalization and sustainability on perception and decision-making. This textbook is ideal for postgraduate students taking modules on Consumer Behaviour as part of their Marketing degrees. Features include:- Chapters on the psychological and social dynamics of consumer behaviour and the scientific foundations of learning and memory in brand engagement.- Examination of the role of AR/VR and the metaverse in retail experiences, live streaming and voice commerce as well as quantum computing and the importance of good UX design.- Ethical considerations of the digital consumer landscape, including privacy and data concerns. - Learning outcomes, key terms, a glossary and exercise questions international examples throughout, to help develop critical thinking.</subfield>
  </datafield>
  <datafield tag="650" ind1=" " ind2="0">
    <subfield code="a">Consumer behavior</subfield>
    <subfield code="9">997</subfield>
  </datafield>
  <datafield tag="650" ind1=" " ind2="0">
    <subfield code="a">Digital environment</subfield>
    <subfield code="9">13028</subfield>
  </datafield>
  <datafield tag="650" ind1=" " ind2="0">
    <subfield code="a">Branding (Marketing)</subfield>
    <subfield code="x">Social aspects</subfield>
    <subfield code="9">8758</subfield>
  </datafield>
  <datafield tag="942" ind1=" " ind2=" ">
    <subfield code="2">lcc</subfield>
  </datafield>
  <datafield tag="952" ind1=" " ind2=" ">
    <subfield code="0">0</subfield>
    <subfield code="1">0</subfield>
    <subfield code="2">lcc</subfield>
    <subfield code="4">0</subfield>
    <subfield code="7">0</subfield>
    <subfield code="a">TBS</subfield>
    <subfield code="b">TBS</subfield>
    <subfield code="d">2025-03-31</subfield>
    <subfield code="l">2</subfield>
    <subfield code="m">2</subfield>
    <subfield code="o">HF5415.33 PEL</subfield>
    <subfield code="p">B07514</subfield>
    <subfield code="q">2025-12-21</subfield>
    <subfield code="r">2025-09-22</subfield>
    <subfield code="s">2025-09-22</subfield>
    <subfield code="t">1</subfield>
    <subfield code="w">2025-03-31</subfield>
    <subfield code="y">1</subfield>
  </datafield>
  <datafield tag="999" ind1=" " ind2=" ">
    <subfield code="c">4613</subfield>
    <subfield code="d">4613</subfield>
  </datafield>
</record>
